| 000 | 02018cam a22005414i 4500 | ||
|---|---|---|---|
| 003 | PE-LiUPU | ||
| 005 | 20250731165642.0 | ||
| 008 | 150616s r 000 0 d | ||
| 020 | _a8876535780 | ||
| 035 | _a(Sirsi) i9788876535789 | ||
| 040 |
_aPE-LiUPU _bspa _cPE-LiUPU _erda |
||
| 049 | _aPRUA | ||
| 082 | 0 | 4 |
_a220.808 _bS _221 |
| 100 | 1 |
_aWonneberger, Reinhard, _eautor. |
|
| 245 | 1 | 0 |
_aUnderstanding BHS : _ba manual for the users of Biblia Hebraica Stuttgartensia.I / _cReinard Wonneberger ; traducido del alemán por Dwight R. Daniels. |
| 264 | 1 |
_aRoma : _bEditrice Pontificio Istituto biblico, _c1990. |
|
| 300 |
_a104 páginas ; _c24 centímetros |
||
| 336 |
_atext _2rdacontent |
||
| 337 |
_aunmediated _2rdamedia |
||
| 338 |
_avolume _2rdacarrier |
||
| 490 | 0 |
_aSubsidia Biblica ; _v8 |
|
| 504 | _aBibliografía: páginas 77-85. | ||
| 505 | 0 | _aThe Reference System -- The Language of the Apparatus -- Critique -- The Masora. | |
| 526 | _aSEG44 | ||
| 526 | _aSEG26 | ||
| 526 | _aP151 | ||
| 526 | _aP150 | ||
| 526 | _aP149 | ||
| 526 | _aP146 | ||
| 526 | _aP145 | ||
| 526 | _aP126 | ||
| 526 | _aP125 | ||
| 526 | _aP92 | ||
| 526 | _aP75 | ||
| 526 | _aP74 | ||
| 526 | _aP27 | ||
| 526 | _aP15 | ||
| 630 |
_aBiblia. _pA.T. _lHebreo _f1977. _sStuttgartensia _vManuales. |
||
| 630 |
_aBiblia. _pA.T. _xCrítica, interperetación, etc. |
||
| 650 | 0 | 4 | _a |
| 910 |
_ajck _bjvq _cjck |
||
| 942 |
_2ddc _cBOOK |
||
| 949 |
_aRC 220.808 S I _wDEWEY _c1 _i40620 _lCCODEBUL1 _mBUL _r0 _sY _tBOOK _u2015-6-16 _xTEOLOGIA _zUNKNOWN _0COMPRA _o.CIRCNOTE. No olvidar cambiar la fecha de devolución!!!!!!! _o.STAFF. Colección General |
||
| 994 |
_aC0 _bPEPRU |
||
| 596 | _a1 | ||
| 999 |
_aRC 220.808 S I _wDEWEY _c58408 _i40620 _d58408 _e2017-1-17 _f2021-11-9 _g6 _lCCODEBUL1 _mBUL _n1 _q1 _r0 _sY _tBOOK _u2015-6-16 _xTEOLOGIA _zUNKNOWN _0COMPRA _o.CIRCNOTE. No olvidar cambiar la fecha de devolución!!!!!!! _o.STAFF. Colección General |
||
| 980 |
_81 _gALBERTO SANCHEZ Responsable de Automatización |
||